| 000 | 00887nam a22002657a 4500 | ||
|---|---|---|---|
| 001 | 9975 | ||
| 003 | FISKH | ||
| 005 | 20260320144556.0 | ||
| 008 | 260320b cb ||||| |||| 00| 0 eng d | ||
| 020 | _a9781600145599 | ||
| 040 |
_aFISKH _beng _cFISKH _dFISKH |
||
| 050 | _aGV1049.3 .M424 | ||
| 082 | _a 796.6 | ||
| 100 | _aMcClellan, Ray | ||
| 245 |
_aDownhill BMX / _cby Ray McClellan |
||
| 260 |
_aNew York : _bScholastic, _c2010. |
||
| 300 |
_a19 pages : _bcolor illustrations ; _c23 cm |
||
| 505 | _aP | ||
| 520 | _a"Amazing photography accompanies engaging information about downhill BMX. The combination of high-interest subject matter and light text is intended for students in grades 3 through 7"--Provided by publisher. | ||
| 521 |
_a650
_bLexile estimate |
||
| 521 |
_aP
_bRaz-Plus |
||
| 650 |
_aRacing _vNon-fiction |
||
| 942 |
_2ddc _cBK _n0 |
||
| 999 |
_c9975 _d9975 |
||